000 00669nam a22002177a 4500
003 UA-OsUOA
001 109021
007 ta
008 20141125b un ||||| |||| 00| 0 ukr d
100 _aБуснюк С.
090 _a330(477)
_bБ92
942 _cSA
040 _aUA-OsUOA
_bukr
_cUA-OsUOA
_dUA-OsUOA
245 _aФінансово-економічні передумови формування та функціонування кластерів на Волині
300 _aС.42-46
955 _a0
041 _aukr
080 _a330(477)
773 0 _w109017
_tЕкономіст
_dК.
_d2014
_g10
650 7 _a330 Економіка взагалі
_2UDC
999 _c395178
_d395178